00586nam a2200169 a 4500008004100000020001500041050001600056100002700072245009500099260003600194300002200230350000900252490007200261650002700333650003400360700002200394100329s1999 ||||||||||||||||| || u a0256253676 aHG 1811 Cor aCornett, Marcia Milion10aFundamentals of financial institutions managementcMarcia Millon Cornett, Anthony Saunders aBostonbIrwin/McGraw-Hillc1999 axxii, 762p.: ill. a0.00 aThe Irwin/McGraw-Hill series in finance, insurance, and real estate aFINANCIAL INSTITUTIONS 0aFINANCE--DEVELOPING COUNTRIES aSaunders, Anthony